000 00687nam a2200193 a 4500
005 20231024063643.0
008 991125s1907 mx 000 0 spa u
035 _aUPN01000041576
049 _aLT
050 4 _aLB1589 M6.2
_bL3.5 1907
100 1 _aLeón, Luis G.,
_d1866-1913
245 1 0 _aNociones prácticas de geometría :
_bescritas conforme al programa marcado por la ley para los alumnos de 1o. y 2o. años de instrucción primaria elemental /
_cpor Luis G. León
260 _aMéxico :
_bVda. de Ch. Bouret,
_c1907
300 _a50 p. :
_bil.
650 4 _aGeometría
_xEstudio y enseñanza (Elemental)
_94869
904 _aAC
_b041578
905 _aLibro
999 _c41576
_d41576